First All-Foreign Premier League starting XI - Chelsea 1999 - Statistics

General Stats
  • This quiz has been taken 71 times
  • The average score is 10 of 12
Answer Stats
Position Player Nationality % Correct
DF Frank Leboeuf France
100%
MF Didier Deschamps France
100%
MF Roberto Di Matteo Italy
98%
FW Gabrielle Ambrosetti Italy
98%
Manager Gianluca Vialli Italy
98%
GK Ed de Goey Netherlands
93%
MF Dan Petrescu Romania
82%
DF Albert Ferrer Spain
82%
DF Emerson Thome Brazil
66%
FW Tore Andre Flo Norway
66%
MF Gus Poyet Uruguay
64%
DF Celestine Babayaro Nigeria
61%
No matching quizzes found
Score Distribution
Percent of People with Each Score
Percentile by Number Answered
Your Score History
You have not taken this quiz